Administración de recursos humanos /

Guardado en:
Autor Principal: Rosenberg, Raquel
Formato: Libro
Publicado: Buenos Aires : Gz Editores, 2005
Materias:
Etiquetas: Agregar Etiqueta
Sin Etiquetas, Sea el primero en etiquetar este registro!
LEADER 00784nam a22002055a 4500
001 CEM.cems012133
005 20060608095359.0
008 130507s2005##################000#0#####d
003 CEMS
020 |a 9871258054 
082 0 4 |a 658.3 
100 1 |a Rosenberg, Raquel 
245 1 0 |a Administración de recursos humanos /  |c  Raquel Rosenberg 
260 |a Buenos Aires :  |b Gz Editores,  |c 2005 
300 |a 159 p. 
505 0 |a Importancia del elemento humano en la Organización -- Relaciones humanas en la Organización -- La función empleo -- Capacitación y desarrollo del personal -- Evaluación del desempeño 
653 |a Recursos humanos 
653 |a Organización de empresas 
653 |a Administración del personal 
859 |a CEMS  |b BIB. CEMS - 11 de abril  |h 658.3  |i R723-1  |p 23365.06  |t Ej.1